| 000 | nam a22 7a 4500 | ||
|---|---|---|---|
| 999 |
_c3468 _d3468 |
||
| 005 | 20170523091728.0 | ||
| 008 | 170523b1990 enk||||| |||| 00| 0 eng d | ||
| 020 |
_a0749401931 : _c £14.95 |
||
| 040 | _aAKMAL | ||
| 082 | _a658.4092 LUM | ||
| 090 |
_a658.4092 _bLUM |
||
| 100 | 1 |
_a Lundy, James L. _96963 |
|
| 245 | 1 | 0 |
_aHow to lead so others follow willingly / _cLundy, James L. |
| 260 |
_aLondon _bKogan Page, _c1990 |
||
| 300 |
_a138p. _ccm |
||
| 650 | 0 |
_aManagement. _91462 |
|
| 650 | 0 |
_aLeadership. _9120 |
|
| 942 |
_2ddc _cBOOK |
||